| Tag |
First Indicator |
Second Indicator |
Subfields |
| LEADER |
00000cam a22000001a 4500 |
| 001 |
in00003265821 |
| 006 |
m d f |
| 007 |
cr bn mmmapmmp |
| 008 |
100323s1981 dcu o f000 0 eng d |
| 005 |
20260504143836.5 |
| 035 |
|
|
|a cis2007493894
|
| 040 |
|
|
|a UMI
|c UMI
|d UtOrBLW
|
| 043 |
|
|
|a n-us---
|
| 074 |
|
|
|a 1035-C, 1035-D (microfiche)
|
| 086 |
0 |
|
|a Y 4.B 22/3:97-3
|
| 088 |
|
|
|a 97-3 (United States. Congress. Senate. Committee on Banking, Housing, and Urban Affairs)
|
| 099 |
|
|
|a HRG-1981-BHU-0002
|
| 110 |
1 |
|
|a United States.
|b Congress.
|b Senate.
|b Committee on Banking, Housing, and Urban Affairs.
|
| 245 |
1 |
0 |
|a Nomination of Murray L. Weidenbaum :
|b hearing before the Committee on Banking, Housing, and Urban Affairs, United States Senate, Ninety-seventh Congress, first session, on the nomination of Murray L. Weidenbaum to be chairman of the Council of Economic Advisers, February 5, 1981.
|
| 264 |
|
1 |
|a Washington :
|b U.S. G.P.O.,
|c 1981.
|
| 300 |
|
|
|a 1 online resource.
|
| 336 |
|
|
|a text
|b txt
|2 rdacontent
|
| 337 |
|
|
|a computer
|b c
|2 rdamedia
|
| 338 |
|
|
|a online resource
|b cr
|2 rdacarrier
|
| 500 |
|
|
|a Record is based on bibliographic data in ProQuest Congressional Hearings Digital Collection. Reuse except for individual research requires license from ProQuest, LLC.
|
| 538 |
|
|
|a System requirements: PDF reader software.
|
| 500 |
|
|
|a Electronic resource.
|
| 600 |
1 |
0 |
|a Weidenbaum, Murray L.
|
| 610 |
2 |
0 |
|a Council of Economic Advisers (U.S.)
|x Appointments, promotions, salaries, etc.
|
| 655 |
|
7 |
|a Electronic books.
|2 local
|
| 710 |
2 |
|
|a ProQuest (Firm)
|
| 776 |
0 |
8 |
|i Print version:
|a United States. Congress. Senate. Committee on Banking, Housing, and Urban Affairs.
|t Nomination of Murray L. Weidenbaum
|w (OCoLC)07345815
|w gp 81005166
|
| 776 |
0 |
8 |
|i Microfiche version:
|a United States. Congress. Senate. Committee on Banking, Housing, and Urban Affairs.
|t Nomination of Murray L. Weidenbaum.
|d [Bethesda, Md.] : ProQuest,[2004]
|o CIS 81 S241-14
|w (ProQuest)cis08101844
|
| 830 |
|
0 |
|a U.S. Congressional Hearings.
|
| 856 |
4 |
0 |
|u http://proxy.library.tamu.edu/login?url=https://congressional.proquest.com/congcomp/getdoc?HEARING-ID=HRG-1981-BHU-0002
|z Connect to the full text of this electronic book
|t 0
|
| 998 |
|
|
|a cis08101844
|
| 999 |
|
|
|a MARS
|
| 999 |
f |
f |
|s 8126f761-514f-3332-9461-4d11c43d6da7
|i 010c1e26-a275-3394-9faf-b1b1a412578f
|t 0
|
| 952 |
f |
f |
|a Texas A&M University
|b College Station
|c Electronic Resources
|s www_evans
|d Available Online
|t 0
|e HRG-1981-BHU-0002
|h Other scheme
|
| 998 |
f |
f |
|a HRG-1981-BHU-0002
|t 0
|l Available Online
|